<?xml version='1.0' encoding='UTF-8'?>
  <record xmlns="http://www.loc.gov/MARC21/slim">
    <leader>00000cam a2200000 i 4500</leader>
    <controlfield tag="001">ocm65045505</controlfield>
    <controlfield tag="003">OCoLC</controlfield>
    <controlfield tag="005">20251008003349.9</controlfield>
    <controlfield tag="008">900403s1877    ne            000 0 dut d</controlfield>
    <datafield tag="040" ind1=" " ind2=" ">
      <subfield code="a">NLGGC</subfield>
      <subfield code="b">dut</subfield>
      <subfield code="e">rda</subfield>
      <subfield code="c">NLGGC</subfield>
      <subfield code="d">OCLCQ</subfield>
      <subfield code="d">L2U</subfield>
      <subfield code="d">OCLCO</subfield>
      <subfield code="d">Y@Y</subfield>
      <subfield code="d">OCLCL</subfield>
      <subfield code="d">OCLCA</subfield>
      <subfield code="d">OCLCL</subfield>
      <subfield code="d">OCLCQ</subfield>
    </datafield>
    <datafield tag="019" ind1=" " ind2=" ">
      <subfield code="a">65488398</subfield>
      <subfield code="a">67442892</subfield>
    </datafield>
    <datafield tag="029" ind1="0" ind2=" ">
      <subfield code="a">NLGGC</subfield>
      <subfield code="b">060918047</subfield>
    </datafield>
    <datafield tag="035" ind1=" " ind2=" ">
      <subfield code="a">(OCoLC)65045505</subfield>
      <subfield code="z">(OCoLC)65488398</subfield>
      <subfield code="z">(OCoLC)67442892</subfield>
    </datafield>
    <datafield tag="082" ind1="0" ind2="4">
      <subfield code="a">892.4</subfield>
      <subfield code="1">https://id.oclc.org/worldcat/ddc/E3HBkQdjjBX8gVMvVYxpBVX9bv</subfield>
    </datafield>
    <datafield tag="084" ind1=" " ind2=" ">
      <subfield code="a">11.41</subfield>
      <subfield code="2">bcl</subfield>
    </datafield>
    <datafield tag="100" ind1="1" ind2=" ">
      <subfield code="a">Valeton, J.J.P.</subfield>
      <subfield code="q">(Josué Jean Philippe),</subfield>
      <subfield code="c">jr,</subfield>
      <subfield code="d">1848-1912</subfield>
      <subfield code="1">https://id.oclc.org/worldcat/entity/E39PBJq6XCfj96Q7drJRy6kVYP</subfield>
    </datafield>
    <datafield tag="245" ind1="1" ind2="3">
      <subfield code="a">De Israelietische letterkunde als onderdeel der Christelijke theologie :</subfield>
      <subfield code="b">redevoering, bij de aanvaarding van het hoogleeraarsambt aan de Universiteit te Utrecht den 8sten December 1877 uitgesproken /</subfield>
      <subfield code="c">door J.J.P. Valeton Jr.</subfield>
    </datafield>
    <datafield tag="264" ind1=" " ind2="1">
      <subfield code="a">Groningen :</subfield>
      <subfield code="b">P. Noordhoff,</subfield>
      <subfield code="c">1877.</subfield>
    </datafield>
    <datafield tag="300" ind1=" " ind2=" ">
      <subfield code="a">44 pagina's ;</subfield>
      <subfield code="c">23 cm</subfield>
    </datafield>
    <datafield tag="336" ind1=" " ind2=" ">
      <subfield code="a">tekst</subfield>
      <subfield code="b">txt</subfield>
      <subfield code="2">rdacontent/dut</subfield>
    </datafield>
    <datafield tag="337" ind1=" " ind2=" ">
      <subfield code="a">zonder medium</subfield>
      <subfield code="b">n</subfield>
      <subfield code="2">rdamedia/dut</subfield>
    </datafield>
    <datafield tag="338" ind1=" " ind2=" ">
      <subfield code="a">band</subfield>
      <subfield code="b">nc</subfield>
      <subfield code="2">rdacarrier/dut</subfield>
    </datafield>
    <datafield tag="500" ind1=" " ind2=" ">
      <subfield code="a">Inaug. rede Utrecht, 8 December 1877.</subfield>
    </datafield>
    <datafield tag="530" ind1=" " ind2=" ">
      <subfield code="a">Boek wordt gedigitaliseerd.</subfield>
    </datafield>
    <datafield tag="530" ind1=" " ind2=" ">
      <subfield code="a">Ook beschikbaar in microvorm.</subfield>
    </datafield>
    <datafield tag="530" ind1=" " ind2=" ">
      <subfield code="a">Titel is geselecteerd voor digitalisering voor de Universiteit van Leiden in het kader van het Google Books-project.</subfield>
    </datafield>
    <datafield tag="650" ind1=" " ind2="7">
      <subfield code="a">11.41 study and interpretation of the Old Testament.</subfield>
      <subfield code="0">(NL-LeOCL)077594223</subfield>
      <subfield code="2">bcl</subfield>
    </datafield>
    <datafield tag="710" ind1="0" ind2=" ">
      <subfield code="a">Noordhoff, P. (Groningen)</subfield>
      <subfield code="4">prt</subfield>
      <subfield code="0">(NL-LeOCL)370586778</subfield>
    </datafield>
    <datafield tag="758" ind1=" " ind2=" ">
      <subfield code="a">De Israelietische letterkunde als onderdeel der Christelijke theologie (Text)</subfield>
      <subfield code="1">https://id.oclc.org/worldcat/entity/E39PCYbdWmDCKJwKHDvjGJBPFC</subfield>
      <subfield code="4">https://id.oclc.org/worldcat/ontology/hasWork</subfield>
    </datafield>
    <datafield tag="776" ind1="0" ind2=" ">
      <subfield code="t">De Israelietische letterkunde als onderdeel der Christelijke theologie</subfield>
      <subfield code="w">(NL-LeOCL)39132098X</subfield>
    </datafield>
    <datafield tag="776" ind1="0" ind2=" ">
      <subfield code="t">De Israelietische letterkunde als onderdeel der Christelijke theologie</subfield>
      <subfield code="w">(NL-LeOCL)393539849</subfield>
    </datafield>
    <datafield tag="776" ind1="0" ind2=" ">
      <subfield code="t">De Israelietische letterkunde als onderdeel der Christelijke theologie</subfield>
      <subfield code="w">(NL-LeOCL)416199003</subfield>
    </datafield>
    <datafield tag="776" ind1="0" ind2=" ">
      <subfield code="t">De Israelietische letterkunde als onderdeel der Christelijke theologie</subfield>
      <subfield code="w">(NL-LeOCL)416208657</subfield>
    </datafield>
    <datafield tag="936" ind1=" " ind2=" ">
      <subfield code="a">BATCHLOAD</subfield>
    </datafield>
  </record>